[Event "Andorra op 21st"]
[Site "Andorra"]
[Date "2003.07.07"]
[Round "3"]
[White "Sanahuja Llopis, Albert"]
[Black "Tejero Royo, Fermin"]
[Result "1/2-1/2"]
[WhiteElo "1955"]
[BlackElo "2190"]
[PlyCount "32"]
[EventDate "2003.07.05"]
[EventType "swiss"]
[EventRounds "9"]
[EventCountry "AND"]
[SourceTitle "CBM 095 Extra"]
[Source "ChessBase"]
[SourceDate "2003.09.04"]
[SourceVersion "1"]
[SourceVersionDate "2003.09.04"]
[SourceQuality "1"]

1. e4 d6 2. d4 g6 3. Nc3 Bg7 4. Be3 Nd7 5. Bc4 c5 6. dxc5 Qa5 7. Bd4 Ngf6 8. cxd6 e5 9. Be3 Nxe4 10. Qd5 Qxd5 11. Nxd5 Nxd6 12. Bb3 Kd8 13. 0-0-0 h6 14. Nc3 Ke7 15. Nd5+ Kd8 16. Nc3 Ke7 1/2-1/2

[Event "Andorra op 21st"]
[Site "Andorra"]
[Date "2003.07.05"]
[Round "1"]
[White "Sanahuja Llopis, Albert"]
[Black "Guerra Bastida, Diego"]
[Result "0-1"]
[WhiteElo "1955"]
[BlackElo "2405"]
[PlyCount "128"]
[EventDate "2003.07.05"]
[EventType "swiss"]
[EventRounds "9"]
[EventCountry "AND"]
[SourceTitle "CBM 095 Extra"]
[Source "ChessBase"]
[SourceDate "2003.09.04"]
[SourceVersion "1"]
[SourceVersionDate "2003.09.04"]
[SourceQuality "1"]

1. e4 c5 2. Nf3 d6 3. d4 cxd4 4. Nxd4 Nf6 5. Nc3 g6 6. Be2 Bg7 7. Be3 Nc6 8. 0-0 0-0 9. Kh1 d5 10. exd5 Nb4 11. d6 Qxd6 12. Ndb5 Qxd1 13. Raxd1 Bf5 14. Bc5 Nc6 15. Bd3 Bxd3 16. Rxd3 Rfc8 17. f4 b6 18. Ba3 a6 19. Nd4 Nxd4 20. Rxd4 Ng4 21. Rd3 Bxc3 22. bxc3 Rc7 23. h3 Nf6 24. Re1 e6 25. g4 Rac8 26. f5 Nd5 27. fxe6 fxe6 28. Bb2 Rf7 29. Kg1 Nf4 30. Rde3 g5 31. Rd1 Rff8 32. Rd6 Rfd8 33. Ba3 Rxd6 34. Bxd6 Kf7 35. Kf2 Rc6 36. Be5 Ke7 37. Bd4 b5 38. Kg3 Ng6 39. a3 Rc8 40. Kf2 Rf8+ 41. Ke2 Kd6 42. Rf3 Nf4+ 43. Kd2 e5 44. Be3 Rf6 45. Bf2 Rh6 46. Be3 Rxh3 47. Rxh3 Nxh3 48. c4 Nf4 49. Kc3 Kc6 50. cxb5+ axb5 51. Kb3 h6 52. c4 bxc4+ 53. Kxc4 Nd5 54. Bd2 Nf6 55. a4 Nxg4 56. Kd3 Nf6 57. Bc3 e4+ 58. Ke2 Nd5 59. Bg7 h5 60. Bh6 g4 61. Bg5 e3 62. Bh4 Nf4+ 63. Kf1 e2+ 64. Kf2 e1Q+ 0-1

[Event "Tarragona-ch"]
[Site "Tarragona"]
[Date "2003.??.??"]
[Round "2"]
[White "Sanahuja Llopis, Albert"]
[Black "Mateos Rozas, Miguel Angel"]
[Result "1/2-1/2"]
[WhiteElo "2040"]
[BlackElo "1940"]
[PlyCount "62"]
[EventDate "2003.??.??"]
[EventType "swiss"]
[EventRounds "9"]
[EventCountry "ESP"]
[SourceTitle "EXT 2007"]
[Source "ChessBase"]
[SourceDate "2006.11.23"]
[SourceVersion "1"]
[SourceVersionDate "2006.11.23"]
[SourceQuality "1"]

1. e4 c5 2. Nf3 d6 3. d4 cxd4 4. Nxd4 Nf6 5. Nc3 g6 6. g3 Bg7 7. Bg2 0-0 8. h3 Qb6 9. Nde2 Nc6 10. a4 a6 11. Be3 Qc7 12. 0-0 Be6 13. Rc1 Qd7 14. Nf4 Ne5 15. b3 h6 16. Ncd5 Bxd5 17. Nxd5 Nxd5 18. exd5 f5 19. c4 Rac8 20. Re1 Kh7 21. Bd4 f4 22. Kh2 fxg3+ 23. fxg3 Qf5 24. Be4 Qf7 25. Rf1 Qxf1 26. Qxf1 Rxf1 27. Rxf1 Re8 28. Bxe5 Bxe5 29. Rf7+ Bg7 30. h4 h5 31. Kg2 Kh6 1/2-1/2